000 00502ntaaa2200193 4500
003 01
005 20251027202246.0
008 0714s1973 ag 01
040 _aAR-BaBN
_bspa
_cAR-BaBN
_eaacr
_dRIC
082 _a268.4320 C36
100 _aChaplin, Dora P
_920980
245 _aChildren and religion
250 _a1 ed.
260 _aNew York :
_bCharles Scribner's Sons,
_c1961
300 _a238 p
650 _aniños-religión
_920981
650 _aeducación religiosa-niños
_97172
942 _cBK
999 _c17371
_d17371